000 00593nam a2200241 a 4500
001 nice12345678
003 IN_TiNIC
005 20260116011946.0
008 050524s1940 laha grp 000 0 eng
020 _a
_c100
082 0 0 _a297.4
_bHUS
100 _aHussain, S Ahmad
245 _aPhilosophy of Fakirs (eng) and Falsafa-I-Fuqara(urdu)
260 _aLahore
_bShaikh Mohd Ashraf
_c1940
300 _a49p
500 _aincludes index and biblioraphy
505 2 _aTurkish
650 _aSufism
700 1 _aHussain, S Ahmad
902 _bSRS
942 _cBK
999 _c5065
_d5065